Diccionario histórico y crítico: selección
Salvato in:
| Autore principale: | |
|---|---|
| Natura: | Libro |
| Lingua: | spagnolo |
| Pubblicazione: |
Buenos Aires
El Cuenco de Plata
2010
|
| Edizione: | 1a. ed |
| Serie: | Hojas del Arca, 1
|
| Soggetti: | |
| Tags: |
Aggiungi Tag
Nessun Tag, puoi essere il primo ad aggiungerne!!
|
MARC
| LEADER | 00000cam a2200000 a 4500 | ||
|---|---|---|---|
| 001 | UCG8066 | ||
| 003 | CL-VaPUC | ||
| 008 | 111118e20100000AG |||||||||||||||||spa|d | ||
| 020 | |a 9789871228881 | ||
| 082 | 0 | 4 | |a 190.3 |b BAY |2 21 |
| 100 | 0 | |a Bayle, Pierre |e author |9 317669 | |
| 245 | 1 | 0 | |a Diccionario histórico y crítico: selección |
| 250 | |a 1a. ed | ||
| 300 | |a 512 p | ||
| 942 | |c BK | ||
| 945 | |d 20111118 00:00:00 |a dcastane | ||
| 260 | |a Buenos Aires |b El Cuenco de Plata |c 2010 | ||
| 650 | 0 | |a Filosofía moderna |9 258121 | |
| 650 | 0 | |a Diccionarios |9 256200 | |
| 583 | |a last modification |c 20111118 11:09:00 |k Rodrigo Vera | ||
| 490 | 0 | |a Hojas del Arca, 1 | |
| 999 | |c 345705 |d 345703 | ||
| 952 | |0 0 |1 0 |2 ddc |4 0 |6 190_300000000000000_BAY_2010 |7 0 |8 A |9 445503 |a BIBART |b BIBART |d 2019-11-22 |i 4799860 |o 190.3 BAY 2010 |p 4799860 |r 2025-03-13 |w 2019-11-22 |y BK |k ART | ||